| 000 | 004450000a22001690004500 | ||
|---|---|---|---|
| 003 | MACL | ||
| 005 | 20151229174103.0 | ||
| 008 | 151229b xxu||||| |||| 00| 0 eng d | ||
| 040 |
_aMACL _cMACL |
||
| 041 | _aEnglish | ||
| 082 | _a215/PRO | ||
| 100 |
_aProut, William _924458 |
||
| 245 | _aChemistry Meteorology and The Function of Digestion | ||
| 260 |
_bBell & Daldy _c1870 |
||
| 650 |
_aScience & Religion _924459 |
||
| 942 |
_cBK _k215/PRO _2ddc |
||
| 999 |
_c37735 _d37735 |
||